000 00240nam a22000857a 4500
999 _c11380
_d11380
008 190402b ||||| |||| 00| 0 eng d
100 _aArora Sumita
_97117
245 _aComputer Science with C++(XII)
260 _aNew Delhi
_bDhanpat Rai & Co
_c2010